LEADER 01126nam 2200409 450 001 9910466936603321 005 20200520144314.0 010 $a1-4232-2924-X 035 $a(CKB)3710000001404151 035 $a(MiAaPQ)EBC4877069 035 $a(Au-PeEL)EBL4877069 035 $a(CaPaEBR)ebr11397730 035 $a(OCoLC)990755998 035 $a(EXLCZ)993710000001404151 100 $a20190123d2015 uy 0 101 0 $aeng 135 $aurcnu|||||||| 181 $ctxt$2rdacontent 182 $cc$2rdamedia 183 $acr$2rdacarrier 200 00$aReflexology 210 1$a[Place of publication not identified] :$cBarCharts, Inc.,$d[2015] 215 $a1 online resource (6 pages) 225 1 $aQuick Study Academic 311 $a1-4232-2861-8 410 0$aQuickStudy academic. 606 $aReflexology (Therapy)$vCharts, diagrams, etc 608 $aElectronic books. 615 0$aReflexology (Therapy) 676 $a615.822 801 0$bMiAaPQ 801 1$bMiAaPQ 801 2$bMiAaPQ 906 $aBOOK 912 $a9910466936603321 996 $aReflexology$92005872 997 $aUNINA LEADER 01374nam 2200421 450 001 9910716610103321 005 20210728092621.0 035 $a(CKB)5470000002524069 035 $a(OCoLC)1262018826 035 $a(EXLCZ)995470000002524069 100 $a20210728j198605 ua 0 101 0 $aeng 135 $aur||||||||||| 181 $ctxt$2rdacontent 182 $cc$2rdamedia 183 $acr$2rdacarrier 200 10$aBoundary force method for analyzing two-dimensional cracked bodies /$fP.W. Tan, I.S. Raju, and J.C. Newman, Jr 210 1$aHampton, Virginia :$cNational Aeronautics and Space Administration, Langley Research Center,$dMay 1986. 215 $a1 online resource (42 pages, 1 unnumbered page) $cillustrations 225 1 $aNASA/TM ;$v87725 300 $a"May 1986." 320 $aIncludes bibliographical references (page 27). 606 $aCracks$2nasat 606 $aConfigurations$2nasat 606 $aBoundaries$2nasat 615 7$aCracks. 615 7$aConfigurations. 615 7$aBoundaries. 700 $aTan$b P. W.$01414260 702 $aRaju$b I. S. 702 $aNewman$b J. C. 712 02$aLangley Research Center, 801 0$bGPO 801 1$bGPO 906 $aBOOK 912 $a9910716610103321 996 $aBoundary force method for analyzing two-dimensional cracked bodies$93512967 997 $aUNINA